Un mar de fueguitos (Record no. 679)

MARC details
000 -CABECERA
campo de control de longitud fija 01489nam a22002894c 4500
003 - IDENTIFICADOR DE NUMERO DE CONTROL
campo de control AR-BaSMT
008 - CAMPOS DE LONGITUD FIJA
campo de control de longitud fija 260512b2025 aga|||br|||| 000 1bspa d
020 ## - ISBN: Indicadores indefinidos
Número ISBN 9789878013640
040 ## - FUENTE DE CATALOGACION
Agencia de catalogación original BSGB
Idioma de catalogación español
Agencia que realiza la transcripción BSGB
Convenciones de la descripción rda
041 0# - CODIGO DE IDIOMA
Código idioma spa
Idioma original español
080 ## - CDU
CDU completo 82-34
100 1# - PUNTO DE ACCESO PRINCIPAL
Nombre de persona Galeano, Eduardo
Enlace autoridades 464
245 14 - MENCION DE TITULO
Título Un mar de fueguitos
250 ## - MENCION DE EDICION
Mención de edición Primera edición ; segunda reimpresión
264 ## - PRODUCCIÓN, PUBLICACIÓN, DISTRIBUCIÓN, ETC.
Lugar de publicación, etc. Buenos aires :
Nombre editor. Siglo XXI Editores ,
Fecha 2025
300 ## - DESCRIPCION FISICA
Extensión 48 páginas ;
Otros detalles físicos ilustraciones color
336 ## - TIPO DE CONTENIDO
rdacontent rdacontent
texto texto
txt txt
337 ## - TIPO DE MEDIO
rdamedia rdamedia
sin mediación sin mediación
n n
338 ## - TIPO DE SOPORTE
rdacarrier rdacarrier
volumen volumen
nc nc
490 ## - TÍTULO DE LA SERIE
Título de la serie Biblioteca Eduardo Galeano
520 ## - NOTA DE SUMARIO, RESUMEN, ETC.
Toda la nota Las tres historias incluidas en este libro impactaron (y siguen haciéndolo) a miles de lectores de diferentes partes del mundo. Algunos ni saben que fueron escritas por Eduardo Galeano. Eso es lo que sucede cuando un texto se vuelve popular: las palabras del autor viajan más lejos y más veloces que su propio nombre.<br/><br/>Nos encantaría que este libro, genialmente ilustrado por Poly Bernatene, fuera un primer acercamiento sensible de muchos niños y niñas a este mar de fueguitos que es nuestro mundo. Y nos gustaría todavía más que, cuando lo lean, se enciendan.
URL, URI, etc. https://sigloxxieditores.com.ar/libro/un-mar-de-fueguitos/<br/>12/05/2026
650 #7 - PUNTO DE ACCESO ADICIONAL DE MATERIA – TÉRMINO TEMÁTICO
Enlace autoridades 8
Término de materia o nombre geográfico como elemento de entrada LITERATURA INFANTIL
650 #7 - PUNTO DE ACCESO ADICIONAL DE MATERIA – TÉRMINO TEMÁTICO
Enlace autoridades 23
Término de materia o nombre geográfico como elemento de entrada CUENTO
700 1# - PUNTO DE ACCESO ADICIONAL – NOMBRE DE PERSONA
Apellido, Nombre Bernatene, Poly
Término relacionador: Ilustrador
Enlace autoridades 30
942 ## - ELEMENTOS AGREGADOS (KOHA)
CDU Clasificación Decimal Dewey
Tipo de ítem Libros
Holdings
Disponible Perdido Fuente de clasificación Estado Ubicación permanente Locación actual Estante o sala Fuente de adquisición Número de inventario Total préstamos Signatura topográfica Código de barras Numero de ejemplar Tipo de item de Koha Calificador de localización códificado
    Clasificación Decimal Dewey   Biblioteca Susana G. De Batemarco Biblioteca Susana G. De Batemarco Celeste Compra Feria del Libro 2026 001062   82-34 GAL 001062 1 Libros  

Powered by Koha